MARC

LEADER 00000nam0a2200000 4500
001 216392
005 20231101230034.0
010 |a 0753510995 
035 |a (RuTPU)RU\TPU\book\236362 
090 |a 216392 
100 |a 20120524d2006 km y0engy50 ba 
101 0 |a eng 
102 |a GB 
105 |a y z 001zy 
200 1 |a Screw It, Let's Do It. Lessons in Life  |f R. Branson 
210 |a London  |c Virgin Books  |d 2006 
215 |a 111 p. 
225 1 |a Quick reads 
320 |a Index: p. 107-111. 
606 1 |a Личность  |x Как социально-психологическое явление  |2 stltpush  |3 (RuTPU)RU\TPU\subj\40536  |9 60382 
610 1 |a психология 
610 1 |a социальная психология 
610 1 |a личностный рост 
610 1 |a проблемы 
610 1 |a решение 
610 1 |a самопомощь 
610 1 |a уроки 
610 1 |a опыт 
610 1 |a автобиографическая проза 
610 1 |a английский язык 
686 |a Ю952  |v LBC/SL-A  |2 rubbk 
700 1 |a Branson  |b R.  |g Richard 
801 1 |a RU  |b 63413507  |c 20120524 
801 2 |a RU  |b 63413507  |c 20120604  |g RCR 
942 |c BK